000 00558nam a2200217Ia 4500
003 OSt
005 20220928143912.0
006 a|||||r|||| 00| 0
007 ta
008 220927b |||||||| |||| 00| 0 eng d
024 _a23314
037 _cTextual
040 _aSDCL
_cSDCL
_beng
041 _2eng
_aeng
082 _aO152:gxL03,1, K2
100 _aChaturvedi Jawaharlal Ed.
_9506216
245 0 _aKavya nirnaye
260 _c1982
942 _hO152:gxL03,1, K2
_cTEXL
_2CC
999 _c825260
_d825260